Effects of firm level factors on strategy implementation in non-profit organizations a case of Kenyatta national hopitial, Nairobi Kenya

Saved in:
Bibliografiske detaljer
Hovedforfatter: Mamai, Christine Amo
Format: Bog
Sprog:engelsk
Udgivet: Nairobi Daystar University 2022
Fag:
Tags: Tilføj Tag
Ingen Tags, Vær først til at tagge denne postø!

MARC

LEADER 00000nam a22000007a 4500
003 KE-NaDUL
005 20240125140243.0
008 240125b |||||||| |||| 00| 0 eng d
040 |a DUL  |c DUL  |d EOtanga 
050 |a HD30.28.K4M36 2022 
100 |a Mamai, Christine Amo  |9 139149 
245 |a Effects of firm level factors on strategy implementation in non-profit organizations  |b a case of Kenyatta national hopitial, Nairobi Kenya  |c by Christine Amo Mamai 
260 |a Nairobi  |b Daystar University  |c 2022 
300 |a xi,112 p  |b ill 
500 |a A thesis presented to the School of Business and Economics of Daystar University Nairobi, Kenya in partial fulfilment of the requirements for the degree of Master of Business Administration in Strategic management. 
650 |a Business planning 
942 |2 lcc  |c THES  |h HD30.28  |i .K4M36  |k THES  |m 2022  |6 HD003028 K4 M36 
952 |0 0  |1 0  |2 lcc  |4 0  |6 HD003028 K4 M36 02022  |7 0  |8 AFR  |9 141580  |a DUA  |b DUA  |c AFR  |d 2024-01-25  |e Daystar University  |g 2500.00  |l 0  |o HD30.28.K4M36 2022  |p BK0111266  |r 2024-01-25 14:03:57  |w 2024-01-25  |x 111266  |y THES 
952 |0 0  |1 0  |2 lcc  |4 0  |6 HD003028 K4 M36 02022  |7 0  |8 AFR  |9 141581  |a DUN  |b DUN  |c AFR  |d 2024-01-25  |e Daystar University  |g 2500.00  |l 0  |o HD30.28.K4M36 2022  |p BK0111267  |r 2024-01-25 14:03:57  |w 2024-01-25  |x 111267  |y THES 
999 |c 224713  |d 224712